NHL - 5 goals game since 2000 - Statistics

General Stats
  • This quiz has been taken 14 times
  • The average score is 2 of 5
Answer Stats
Year Player % Correct
2007 Marian Gaborik
67%
2018 Patrik Laine
50%
2019 Mika Zibanejad
42%
2022 Tage Thompson
33%
2021 Timo Meier
8%
No matching quizzes found
Score Distribution
Percent of People with Each Score
Percentile by Number Answered
Your Score History
You have not taken this quiz